Young Justice Leaguers - Statistics

General Stats
  • This quiz has been taken 33 times
  • The average score is 30 of 41
Answer Stats
Identitiy Designation Leaguer % Correct
Bruce Wayne 02 Batman
100%
Barry Allen 04 Flash
100%
Jay Garrick Unknown Flash
100%
Kal-ElClark Kent 01 Superman
100%
Diana Prince 03 Wonder Woman
100%
Hal Jordan 05 Green Lantern
97%
John Stewart 14 Green Lantern
97%
Guy Gardener 24 Green Lantern
97%
Kyle Rainer Unknown Green Lantern
97%
OrinArthur Curry 06 Aquaman
93%
Kaldur'ahm 27 Aquaman
93%
Lagaan 40 Aquaman
93%
Oliver Queen 08 Green Arrow
93%
J'onn J'onzz 07 Martian Manhunter
93%
Nabu 17 Dr Fate
86%
Shayera Hall 10 Hawkgirl
86%
Carter Hall 09 Hawkman
86%
Zatanna Zatara 25 Zatanna
86%
Giovanni Zatara 11 Zatara
86%
Dinah Lance 13 Black Canary
83%
Billy Batson 15 Captain Marvel
83%
Roy Harper 21 Red Arrow
83%
Ray Palmer 18 Atom
79%
Kate Kane Unknown Bat Woman
76%
Ted Kord 22 Blue Beetle
76%
Victor Stone 39 Cyborg
72%
Raquel Ervin 26 Rocket
66%
John Smith 16 Red Tornado
62%
Jefferson Pierce 23 Black Lightning
59%
Patrick O'Brian 19 Plastic Man
59%
Nathaniel Adams 12 Captain Atom
52%
Ralph Didny Unknown Elongated Man
52%
Arnus 20 Icon
48%
John Henry Irons 36 Steel
48%
Rex Mason Unknown Metamorpho
45%
Beatriz Bonilla da Costa Unknown Fire
41%
Tatsu Yamashiro Unknown Katana
41%
Tora Olafsdotter Unknown Ice
38%
Daniel Cassidy Unknown Blue Devil
28%
Curtis Metcalf Unknown Hardware
28%
David Reid Unknown Magog
28%
No matching quizzes found
Score Distribution
Percent of People with Each Score
Percentile by Number Answered
Your Score History
You have not taken this quiz